[Event "ITA-ch U20"]
[Site "Tarvisio"]
[Date "2023.07.02"]
[Round "1"]
[White "Sarnari, Francesco"]
[Black "Peloni, Davide"]
[Result "0-1"]
[WhiteElo "1358"]
[BlackElo "1930"]
[PlyCount "70"]
[EventDate "2023.07.02"]
[EventType "swiss"]
[EventRounds "9"]
[EventCountry "ITA"]
[SourceTitle "EXT 2024"]
[Source "ChessBase"]
[SourceDate "2023.10.10"]
[SourceVersion "1"]
[SourceVersionDate "2023.10.10"]
[SourceQuality "1"]

1. e4 c5 2. Nf3 d6 3. d4 cxd4 4. Nxd4 Nf6 5. Nc3 Nc6 6. Be3 Ng4 7. Bc1 Nf6 8. Be3 e5 9. Nb3 Be6 10. f3 Be7 11. Nd5 Bxd5 12. exd5 Nb4 13. Bb5+ Kf8 14. Bc4 Qc7 15. Nd2 Nbxd5 16. Bf2 Nf4 17. 0-0 h5 18. Bb3 h4 19. h3 Rh5 20. Kh1 Qd7 21. Ne4 Nxh3 22. Nxf6 Bxf6 23. Be3 Nf4 24. Qd2 Bg5 25. Rad1 Rd8 26. Bxa7 Rh6 27. Rfe1 Qf5 28. Bb6 Rc8 29. Qb4 Nxg2 30. Kxg2 h3+ 31. Kf2 Rxc2+ 32. Bxc2 Qxc2+ 33. Rd2 Bxd2 34. Re2 Bxb4 35. Rxc2 h2 0-1